Personas, desempeño y pago : compensación dinámica para el nuevo entorno de negocios /

保存先:
書誌詳細
第一著者: Flannery, Thomas P. (autor)
その他の著者: Hofrichter, David A. (autor) (autor), Platten, Paul E. (autor) (autor)
フォーマット: 図書
言語:スペイン語
出版事項: Buenos Aires, Argentina : Paidós, 1997, c1997
シリーズ:(Paidós Empresa ; 52)
主題:
タグ: タグ追加
タグなし, このレコードへの初めてのタグを付けませんか!

MARC

LEADER 00000nam^a2200000^a^4500
001 000090378
005 20250521000000.0
009 20260310092606.327
020 |a 950-12-1052-9 
037 |a Acervo ITESO - Biblioteca 
041 |a ESP 
082 |a 658. 32  |b FLA 
100 |a Flannery, Thomas P.  |e (autor) 
245 1 0 |a Personas, desempeño y pago :  |b compensación dinámica para el nuevo entorno de negocios /  |c T.P. Flannery, D.A. Hofrichter, P.E. Platten ; pról. de Robert D. Krebs ; tr. por Federico Villegas. 
264 4 |a Buenos Aires, Argentina :  |b Paidós,  |c 1997, c1997 
300 |a 362 p. 
336 |a texto  |b txt  |2 rdacontenido 
337 |a sin mediación  |b n  |2 rdamedio 
338 |a volumen  |b nc  |2 rdasoporte 
440 1 |a (Paidós Empresa ;  |v 52) 
500 |a Traducción de: People, perfomance and pay 
649 |a XX 
650 |a Evaluación del Desempeño 
650 |a Sueldos y Salarios 
650 |a Administración de Sueldos y Salarios 
650 |a Recursos Humanos 
650 |a Ciencias Administrativas 
700 |a Hofrichter, David A.  |e (autor) 
700 |a Platten, Paul E.  |e (autor) 
910 |a Fondo General 
920 |a Impresos - Libros 
930 |a Colección General 
905 |a 101 
901 |a 0500025396  |b IT1  |c ACC  |u 20250521 
902 |a https://opac.biblio.iteso.mx/vufind/Record/000090378